Anagramm-Quiz: Hauptstädte der Welt – Teil 1 - Statistiken

Allgemein
  • Dieses Quiz wurde 238 mal gespielt
  • Das Durchschnittsergebnis liegt bei 7 aus 24
Antwortstatistiken
Anagramm Hauptstadt % Korrekt
Solo Oslo
100%
Wein Wien
100%
animal Manila
47%
Na, Mama Manama
44%
Oh Ina Hanoi
40%
Bargeld Belgrad
38%
Maus k. o. Moskau
36%
sieh Link Helsinki
33%
Pustebad Budapest
31%
Buskarte Bukarest
28%
Molchkost Stockholm
27%
Aschebund Duschanbe
22%
Ana von Tirana Antananarivo
19%
kraul um Paul Kuala Lumpur
17%
Uroma J. Majuro
17%
Gewinn – toll! Wellington
17%
Mauser Maseru
16%
Sause in Robe Buenos Aires
14%
Assi Hank Kinshasa
13%
Da kam Hunt Kathmandu
10%
Tauchkonto Nouakchott
7%
Sombrero-Typ Port Moresby
6%
Don, wer gibt? Bridgetown
5%
So, Ara hat Wut South Tarawa
2%
Keine übereinstimmenden Quizze gefunden
Verteilung der Resultate
Anzahl Personen mit jedem Resultat
Perzentil nach korrekt beantworteten Fragen
Ihre Resultats-Entwicklung
Sie haben dieses Quiz noch nicht gespielt